00652nam a22001697a 4500003000900000008004100009040007100050082001800121100002000139245003900159260003200198300002700230505015800257650002200415650003100437650001400468AR-CdUCM190528b ||||| |||| 00| 0 spa d aMUNICIPALIDAD PROVINCIAL DEL CUSCOcBIBLIOTECA MUNICIPAL DEL CUSCO a375.11 /bT99 aTyler, Ralph W. aPrincipios basicos del curriculo / aMéxico :bTroquel,c1973. a136 páginas ;c25 cm aContenido : ¿Que fines desea alcanzar la escuela? -- Como organizar las actividades para un aprendizaje efectivo -- Criterios para una organización... aMétodo racional aSelección de actividades aObjetivos